000 00963nam a2200277 c 4500
003 BLK
005 20221031160821.0
008 180409b bul|||||r ||||||| ||bul||
010 _aKNG00125504000
040 _aBLK
041 _aBUL
_cBUL
080 _aЧилийска литература
_b821.134.2(83)
_x-31
_z821.134.2(83)-31
100 1 _aАлиенде, Исабел
_eпърви автор
_930822
700 1 _aНиколов, Венцислав
_eпрев. от исп.
_9316364
139 _aАлиенде, Исабел
_bА 54
245 1 0 _aКъщата на духовете
_bРоман
_cИсабел Алиенде; прев. от исп. Венцислав Николов.
257 _aCHI
260 София
_bНар. култура
_c1986
300 _a478 с.
_c21 см
380 _aX
852 _aЦб 145299
856 4 _qpdf
_u
856 4 _qpdf
_u
942 _cKNG
_n0
_011
944 _aCR
_c30.08.2011
_kДиана_Димитрова
944 _aED
_c30.08.2011
_k
999 _c119888
_d119888